| 000 | 00895cam a22001935a 4500 | ||
|---|---|---|---|
| 001 | L150097 | ||
| 008 | 100602s2010 xxk 000 0 eng d | ||
| 035 | _a(Sirsi) u150097 | ||
| 041 | 0 | _aeng | |
| 100 | 1 | _aFrench, Nick | |
| 245 | 0 | 4 | _aThe valuation of leasehold property 2 |
| 260 | _c2010 | ||
| 490 | 0 |
_aJournal of Property Investment and Finance _v28(1), 2010, (4) |
|
| 520 | _aValuation of leasehold property by the discounted cash flow (DCF) method was examined in part 1 of this study (see L145249). Part 2 compares leasehold and freehold investments from a valuation perspective and summarises the traditional view of leasehold valuation as a sub-set of freehold valuation. Concludes that a DCF approach is the most appropriate valuation method for leaseholds. | ||
| 590 | _aKA | ||
| 651 | 4 | _aUnited Kingdom | |
| 690 | _aPROPERTY-PROPERTY VALUATION AND APPRAISAL | ||
| 942 |
_n0 _2ddc |
||
| 999 |
_c82393 _d82393 |
||